000 00570nam a2200169Ia 4500
008 090201s9999 xx 000 0 und d
010 _aKPL-69196
040 _bमराठी
041 _aमराठी
082 _a47738
_b69196
100 _aबाबुराव अर्नाळकर
245 _aसहावी प्रतिज्ञा
_cबाबुराव अर्नाळकर
260 _c2001
_bउमा प्रकाशन
300 _a80
_bलहान
600 _aसहावी प्रतिज्ञा
942 _cBOOK
999 _c244432
_d244432